Statistiche per Quiz sulla città di Messina

Clicka qui per fare il quiz!

Statistiche generali

  • Questo quiz è stato fatto 78 volte
  • Il punteggio medio è 10 su 18

Statistiche sulle risposte

DescrizioneRisposta% Corretto
Isola sulla quale si trova MessinaSicilia
99%
Regione italiana che si trova dall'altra parte del mareCalabria
93%
Corpo d'acqua che separa Messina dalla penisola italiana{Stretto} di Messina
91%
Disastro naturale che ha colpito Messina nel 1908Terremoto
84%
Epidemia che ha colpito Messina nel XVI secoloPeste
81%
Frazione del Mediterraneo su quale sta MessinaMar Ionio
74%
Popolo che fondò Messina sotto il nome "Zancle"Greci
65%
Pittore del Quattrocento considerato comme un pioniere della pittura a oglio{Antonello} da Messina
54%
Vincitore di due Giri d'Italia, chiamato "lo Squalo di Messina"Vincenzo Nibali
48%
Nel Duomo di Messina si trova il più grande ____ astronomico del mondoOrologio
46%
Prete che fondò l'Universita gesuita nel 1548{Ignazio} di Loyola
42%
Dolce semifreddo tradizionalmente servito al caffèGranita
35%
Opere di Shakespeare che si svolgono (anche parzialmente) a MessinaMolto {rumore} per nulla
32%
Estremità nord-orientale di quest'isolaCapo {Peloro}
30%
Rivolta iniziata a Messina nel 1672Rivolta anti{spagnola}
29%
Santa patrona di MessinaMadonna della {Lettera}
26%
Fontana monumentale spesso considerata la "più bella del Cinquecento"Fontana di {Orione}
16%
Opere di Shakespeare che si svolgono (anche parzialmente) a MessinaIl racconto d'{inverno}
10%

Distribuzione punteggi

Percentile per numero di risposta

Percentuale di utenti per punteggio

I tuoi punteggi nel tempo

Non hai fatto questo quiz